98th Academy Awards Nominations - Statistics

General Stats
  • This quiz has been taken 79 times
  • The average score is 23 of 50
Answer Stats
Category Films % Correct
Picture Sinners
100%
Picture Hamnet
98%
Picture One Battle After Another
98%
Picture Marty Supreme
96%
Picture F1
91%
Picture Frankenstein
91%
Picture Sentimental Value
91%
Picture Bugonia
85%
Picture The Secret Agent
85%
Animated Feature KPop Demon Hunters
83%
Picture Train Dreams
79%
Lead Actor Blue Moon
77%
Supporting Actress Weapons
72%
Costume Design Avatar: Fire and Ash
68%
Lead Actress If I Had Legs I'd Kick You
68%
Original Screenplay It Was Just an Accident
68%
Animated Feature Zootopia 2
68%
International Feature Sirāt
62%
Animated Feature Elio
60%
Animated Feature Arco
55%
Lead Actress Song Sung Blue
53%
International Feature The Voice of Hind Rajab
49%
Animated Feature Little Amélie or the Character of Rain
47%
Makeup and Hairstyling The Ugly Stepsister
45%
Makeup and Hairstyling The Smashing Machine
43%
Visual Effects Jurassic World Rebirth
36%
Visual Effects The Lost Bus
32%
Song Diane Warren: Relentless
28%
Makeup and Hairstyling Kokuho
26%
Documentary Feature The Perfect Neighbor
26%
Song Viva Verdi!
26%
Documentary Feature The Alabama Solution
23%
Documentary Feature Mr. Nobody Against Putin
21%
Documentary Feature Come See Me in the Good Light
19%
Animated Short Butterfly
17%
Documentary Short All the Empty Rooms
15%
Documentary Feature Cutting Through Rocks
15%
Animated Short Forevergreen
15%
Animated Short Retirement Plan
15%
Documentary Short Armed Only with a Camera: The Life and Death of Brent Renaud
13%
Live-Action Short Butcher's Stain
13%
Live-Action Short Jane Austen's Period Drama
13%
Documentary Short The Devil Is Busy
13%
Live-Action Short Two People Exchanging Saliva
13%
Live-Action Short A Friend of Dorothy
11%
Documentary Short Children No More: "Were and Are Gone"
11%
Documentary Short Perfectly a Strangeness
11%
Animated Short The Girl Who Cried Pearls
11%
Live-Action Short The Singers
11%
Animated Short The Three Sisters
11%
No matching quizzes found
Score Distribution
Percent of People with Each Score
Percentile by Number Answered
Your Score History
You have not taken this quiz